[Event "Titled Tuesday intern op 24th Aug"]
[Site "Chess.com INT"]
[Date "2021.08.24"]
[Round "2"]
[White "Gurevich, Daniel"]
[Black "Musat, Adrian"]
[Result "1-0"]
[WhiteElo "2386"]
[BlackElo "2387"]
[PlyCount "93"]
[EventDate "2021.08.24"]
[EventType "swiss (blitz)"]
[EventRounds "11"]
[EventCountry "USA"]
[SourceTitle "EXT 2022"]
[Source "ChessBase"]
[SourceDate "2021.10.06"]
[SourceVersion "1"]
[SourceVersionDate "2021.10.06"]
[SourceQuality "1"]

1. d4 Nf6 2. c4 g6 3. Nc3 Bg7 4. e4 d6 5. Nf3 0-0 6. Be2 e5 7. 0-0 Nc6 8. d5 Ne7 9. Ne1 Nd7 10. Be3 f5 11. f3 f4 12. Bf2 g5 13. Nb5 a6 14. Na7 Nf6 15. Nxc8 Rxc8 16. c5 Ng6 17. Rc1 h5 18. Qb3 Rb8 19. cxd6 cxd6 20. Bb6 Qe8 21. Nd3 Rc8 22. Rxc8 Qxc8 23. Rc1 Qe8 24. Bc7 g4 25. Qxb7 gxf3 26. gxf3 Qd7 27. Bf1 Nh4 28. Qc6 Nxf3+ 29. Kh1 Qg4 30. Bg2 Nh4 31. Qc2 f3 32. Bf1 Nxe4 33. Nf2 Nxf2+ 34. Qxf2 e4 35. Bxd6 Qg5 36. Re1 Qxd5 37. Bxf8 Bxf8 38. Qxh4 e3 39. Qg3+ Bg7 40. Bg2 fxg2+ 41. Qxg2 Qxa2 42. Rxe3 Qb1+ 43. Qg1 Qxb2 44. Rg3 Qe5 45. h3 Qd5+ 46. Qg2 Qd1+ 47. Qg1 1-0

[Event "Titled Tuesday intern op 24th Aug"]
[Site "Chess.com INT"]
[Date "2021.08.24"]
[Round "4"]
[White "Gurevich, Daniel"]
[Black "Tong, Hai Anh"]
[Result "1/2-1/2"]
[WhiteElo "2386"]
[BlackElo "1486"]
[PlyCount "124"]
[EventDate "2021.08.24"]
[EventType "swiss (blitz)"]
[EventRounds "11"]
[EventCountry "USA"]
[SourceTitle "EXT 2022"]
[Source "ChessBase"]
[SourceDate "2021.10.06"]
[SourceVersion "1"]
[SourceVersionDate "2021.10.06"]
[SourceQuality "1"]

1. d4 c6 2. Bf4 d5 3. e3 Nf6 4. Nf3 Bg4 5. Be2 e6 6. 0-0 Bd6 7. Bg3 0-0 8. c4 Bxg3 9. hxg3 Nbd7 10. Nc3 Ne4 11. Qc2 Nxc3 12. bxc3 Nf6 13. Rab1 b6 14. Bd3 Bxf3 15. gxf3 c5 16. Kg2 dxc4 17. Bxc4 Rc8 18. Qd3 Qd7 19. Rfd1 cxd4 20. cxd4 Qa4 21. Qb3 Qa5 22. Qb4 Qxb4 23. Rxb4 Rc7 24. Bb3 Rfc8 25. g4 Nd5 26. Bxd5 exd5 27. Rd2 Rc2 28. Rxc2 Rxc2 29. a4 f6 30. a5 bxa5 31. Rb7 a4 32. Rxa7 Ra2 33. Ra5 a3 34. Rxd5 Ra1 35. Ra5 a2 36. Ra7 g6 37. f4 h5 38. gxh5 gxh5 39. d5 Kf8 40. d6 Ke8 41. f5 h4 42. Kh2 Kd8 43. e4 Ke8 44. Kg2 Re1 45. Rxa2 Rxe4 46. Ra7 Rf4 47. Re7+ Kd8 48. Rh7 Rxf5 49. Rxh4 Kd7 50. Rd4 Re5 51. Kf3 Re6 52. Kf4 Rxd6 53. Rxd6+ Kxd6 54. Kf5 Ke7 55. Kg6 Ke6 56. f4 f5 57. Kg5 Ke7 58. Kxf5 Kf7 59. Kg5 Kg7 60. Kf5 Kf7 61. Kg5 Kg7 62. Kf5 Kf7 1/2-1/2

[Event "Titled Tuesday intern op 24th Aug"]
[Site "Chess.com INT"]
[Date "2021.08.24"]
[Round "5"]
[White "Zanette, Edgard Vinicius"]
[Black "Gurevich, Daniel"]
[Result "0-1"]
[WhiteElo "2157"]
[BlackElo "2386"]
[PlyCount "63"]
[EventDate "2021.08.24"]
[EventType "swiss (blitz)"]
[EventRounds "11"]
[EventCountry "USA"]
[SourceTitle "EXT 2022"]
[Source "ChessBase"]
[SourceDate "2021.10.06"]
[SourceVersion "1"]
[SourceVersionDate "2021.10.06"]
[SourceQuality "1"]

1. e4 c5 2. Nf3 d6 3. d4 cxd4 4. Nxd4 Nf6 5. f3 e6 6. c4 Be7 7. Nc3 0-0 8. Be3 b6 9. Qd2 Bb7 10. Be2 a6 11. 0-0 Nbd7 12. Rfd1 Qc7 13. Rac1 Rac8 14. Bd3 Rfe8 15. b3 Qb8 16. Kh1 Bd8 17. Bg1 Bc7 18. Bb1 d5 19. cxd5 exd5 20. exd5 Bf4 21. Qd3 Bxc1 22. Rxc1 Bxd5 23. Rd1 Nc5 24. Qf5 Qe5 25. Nxd5 Qxd5 26. Qh3 Qg5 27. Nf5 Rcd8 28. Rf1 g6 29. f4 Qh5 30. Nh6+ Kg7 31. Nf5+ gxf5 32. Qxf5 0-1

[Event "Titled Tuesday intern op 27th July"]
[Site "Chess.com INT"]
[Date "2021.07.27"]
[Round "4"]
[White "Arakhamia Grant, Ketevan"]
[Black "Gurevich, Daniel"]
[Result "1-0"]
[WhiteElo "2380"]
[BlackElo "2399"]
[PlyCount "55"]
[EventDate "2021.07.27"]
[EventType "swiss (blitz)"]
[EventRounds "11"]
[EventCountry "USA"]
[SourceTitle "CBM 203 Extra"]
[Source "ChessBase"]
[SourceDate "2021.09.30"]
[SourceVersion "1"]
[SourceVersionDate "2021.09.30"]
[SourceQuality "1"]

1. e4 c5 2. Nf3 d6 3. Bb5+ Bd7 4. Bxd7+ Nxd7 5. 0-0 Ngf6 6. Re1 g6 7. c3 Bg7 8. d4 0-0 9. Nbd2 cxd4 10. cxd4 Rc8 11. Nf1 d5 12. e5 Ne4 13. Ng3 Nxg3 14. hxg3 Qc7 15. Re2 f6 16. Bf4 fxe5 17. dxe5 e6 18. Nd4 Qb6 19. a4 h6 20. a5 Qa6 21. b4 b5 22. axb6 Qxb6 23. b5 Nc5 24. Be3 Kh7 25. Nb3 Bxe5 26. Bxc5 Rxc5 27. Nxc5 Bxa1 28. Nd7 1-0

[Event "Titled Tuesday intern op 27th Apr"]
[Site "Chess.com INT"]
[Date "2021.04.27"]
[Round "2"]
[White "Gurevich, Daniel"]
[Black "Harikrishnan, A Ra"]
[Result "1-0"]
[WhiteElo "2399"]
[BlackElo "2429"]
[PlyCount "71"]
[EventDate "2021.04.27"]
[EventType "swiss (blitz)"]
[EventRounds "11"]
[EventCountry "USA"]
[SourceTitle "CBM 202 Extra"]
[Source "ChessBase"]
[SourceDate "2021.07.31"]
[SourceVersion "1"]
[SourceVersionDate "2021.07.31"]
[SourceQuality "1"]

1. Nf3 Nf6 2. c4 e6 3. Nc3 d5 4. d4 Be7 5. Bf4 0-0 6. e3 b6 7. cxd5 exd5 8. Bd3 Bb7 9. 0-0 Nbd7 10. Rc1 a6 11. Ne5 Nxe5 12. dxe5 Nd7 13. Qh5 g6 14. Qh3 Nc5 15. Bb1 Bg5 16. Rfd1 Ne6 17. Ne4 Nxf4 18. exf4 Bc8 19. Qf3 Bh4 20. Rxd5 Qe8 21. Rxc7 Be6 22. Rd6 Qb5 23. g3 Qxb2 24. gxh4 Qxb1+ 25. Kg2 Bf5 26. Nf6+ Kg7 27. h5 Rac8 28. Rdc6 Rxc7 29. Rxc7 Rd8 30. h6+ Kh8 31. Rxf7 g5 32. Qb7 Bh3+ 33. Kxh3 Qf1+ 34. Kg4 Qg1+ 35. Kf5 Qb1+ 36. Qe4 1-0

[Event "Titled Tuesday intern op 27th Apr"]
[Site "Chess.com INT"]
[Date "2021.04.27"]
[Round "7"]
[White "Richter, Nils"]
[Black "Gurevich, Daniel"]
[Result "1/2-1/2"]
[WhiteElo "2294"]
[BlackElo "2399"]
[PlyCount "118"]
[EventDate "2021.04.27"]
[EventType "swiss (blitz)"]
[EventRounds "11"]
[EventCountry "USA"]
[SourceTitle "CBM 202 Extra"]
[Source "ChessBase"]
[SourceDate "2021.07.31"]
[SourceVersion "1"]
[SourceVersionDate "2021.07.31"]
[SourceQuality "1"]

1. d4 Nf6 2. c4 a6 3. Nf3 e6 4. g3 c5 5. d5 b5 6. Bg2 exd5 7. cxd5 d6 8. 0-0 Be7 9. a4 Bb7 10. e4 Nxe4 11. Re1 Nf6 12. Qe2 Nxd5 13. Ng5 Nd7 14. Nxf7 Kxf7 15. Qe6+ Kf8 16. Bxd5 Bxd5 17. Qxd5 Nf6 18. Qf3 b4 19. Bf4 Ra7 20. Nd2 Qd7 21. Nc4 Qb7 22. Qxb7 Rxb7 23. Nxd6 Bxd6 24. Bxd6+ Kf7 25. Bxc5 Rc8 26. Rac1 Rbc7 27. Be3 Rxc1 28. Rxc1 Rxc1+ 29. Bxc1 Ke6 30. Kf1 Kd5 31. Ke2 Kc4 32. h3 Nd5 33. f4 a5 34. f5 Kb3 35. Kd3 Nb6 36. g4 Nxa4 37. g5 Nc5+ 38. Kd4 Nd7 39. h4 a4 40. Kd3 Ne5+ 41. Ke4 Nf7 42. Kd3 Ne5+ 43. Ke4 Nc4 44. f6 gxf6 45. gxf6 Nd6+ 46. Kd5 Nf7 47. Ke6 Nh8 48. h5 Kc2 49. Bh6 a3 50. bxa3 b3 51. Bg7 b2 52. Bxh8 b1Q 53. f7 Qb3+ 54. Ke7 Qb7+ 55. Ke8 Qc8+ 56. Ke7 Qc7+ 57. Ke8 Qc8+ 58. Ke7 Qc7+ 59. Ke8 Qc8+ 1/2-1/2

[Event "Titled Tuesday intern op 27th Apr"]
[Site "Chess.com INT"]
[Date "2021.04.27"]
[Round "8"]
[White "Silva, Kaua Marques"]
[Black "Gurevich, Daniel"]
[Result "0-1"]
[WhiteElo "2160"]
[BlackElo "2399"]
[PlyCount "66"]
[EventDate "2021.04.27"]
[EventType "swiss (blitz)"]
[EventRounds "11"]
[EventCountry "USA"]
[SourceTitle "CBM 202 Extra"]
[Source "ChessBase"]
[SourceDate "2021.07.31"]
[SourceVersion "1"]
[SourceVersionDate "2021.07.31"]
[SourceQuality "1"]

1. e4 c5 2. Nf3 d6 3. d4 cxd4 4. Nxd4 Nf6 5. Nc3 Nc6 6. Bg5 g6 7. Bxf6 exf6 8. Bb5 Bd7 9. 0-0 Be7 10. Nd5 0-0 11. c3 Re8 12. Bc4 Bf8 13. Qf3 Bg7 14. Rfe1 Ne5 15. Qe2 Nxc4 16. Qxc4 Rc8 17. Qb3 Bc6 18. Rad1 Qd7 19. Qa3 f5 20. Nxc6 bxc6 21. Ne3 fxe4 22. Rxd6 Qe7 23. Nc4 Rc7 24. Qc5 Bf8 25. Qd4 Qg5 26. Rd7 Bc5 27. Qd2 Bxf2+ 28. Kxf2 Qf5+ 29. Kg1 Rxd7 30. Qe2 e3 31. h3 Qd3 32. Qg4 Re4 33. Qg5 Qxc4 0-1

[Event "Titled Tuesday intern op 20th Apr"]
[Site "Chess.com INT"]
[Date "2021.04.20"]
[Round "5"]
[White "Gurevich, Daniel"]
[Black "Buchenau, Frank"]
[Result "0-1"]
[WhiteElo "2399"]
[BlackElo "2317"]
[PlyCount "86"]
[EventDate "2021.04.20"]
[EventType "swiss (blitz)"]
[EventRounds "11"]
[EventCountry "USA"]
[SourceTitle "CBM 202 Extra"]
[Source "ChessBase"]
[SourceDate "2021.07.31"]
[SourceVersion "1"]
[SourceVersionDate "2021.07.31"]
[SourceQuality "1"]

1. d4 e6 2. c4 Nf6 3. Nc3 Bb4 4. e3 0-0 5. Bd3 c5 6. Nge2 d5 7. cxd5 Nxd5 8. a3 cxd4 9. axb4 dxc3 10. bxc3 Nc6 11. 0-0 Ne5 12. Bc2 b6 13. e4 Nf6 14. Qd4 Nc6 15. Qxd8 Rxd8 16. Be3 Bb7 17. b5 Ne5 18. Bd4 Nc4 19. Bxf6 gxf6 20. Nd4 Nd6 21. f3 e5 22. Nc6 Bxc6 23. bxc6 Rdc8 24. Bb3 Nb5 25. Rfc1 Rd8 26. Bd5 Nc7 27. c4 Kf8 28. Ra3 f5 29. Rca1 a5 30. Rb1 Ra6 31. exf5 Nxd5 32. Rd1 Ke7 33. cxd5 b5 34. c7 Rc8 35. d6+ Rxd6 36. Rxd6 Kxd6 37. Rxa5 Kc5 38. Ra7 Kb6 39. Ra1 Rxc7 40. Kf2 Rc2+ 41. Ke3 Kc5 42. g4 Rxh2 43. f6 b4 0-1

[Event "Titled Tuesday intern op 23rd Mar"]
[Site "Chess.com INT"]
[Date "2021.03.23"]
[Round "9"]
[White "Gurevich, Daniel"]
[Black "Maksimovic, Bojan"]
[Result "1-0"]
[WhiteElo "2399"]
[BlackElo "2416"]
[PlyCount "93"]
[EventDate "2021.03.23"]
[EventType "swiss (blitz)"]
[EventRounds "11"]
[EventCountry "USA"]
[SourceTitle "CBM 201 Extra"]
[Source "ChessBase"]
[SourceDate "2021.05.31"]
[SourceVersion "1"]
[SourceVersionDate "2021.05.31"]
[SourceQuality "1"]

1. d4 g6 2. e4 Bg7 3. Nf3 d6 4. c3 Nf6 5. Bd3 0-0 6. 0-0 Nc6 7. Re1 e5 8. h3 Re8 9. a4 a6 10. Na3 b6 11. Nc4 Bb7 12. d5 Nb8 13. a5 b5 14. Ne3 c6 15. c4 bxc4 16. Bxc4 Nxe4 17. dxc6 Bxc6 18. Nd5 Nf6 19. Ng5 Ra7 20. Be3 Rb7 21. Bb6 Qd7 22. Rc1 h6 23. Nxf6+ Bxf6 24. Bxf7+ Kg7 25. Bxe8 Qxe8 26. Ne4 Bxe4 27. Rxe4 Qe6 28. Rc7+ Rxc7 29. Bxc7 d5 30. Rb4 Nd7 31. Qc2 e4 32. Rb7 d4 33. Bf4 g5 34. Qc8 gxf4 35. Rxd7+ Kg6 36. Rg7+ Kf5 37. Qc5+ Qe5 38. Qc8+ Qe6 39. Qxe6+ Kxe6 40. Ra7 d3 41. Rxa6+ Kf5 42. Kf1 e3 43. fxe3 fxe3 44. Rxf6+ Kxf6 45. a6 Ke5 46. a7 e2+ 47. Ke1 1-0

[Event "Titled Tuesday intern op 23rd Mar"]
[Site "Chess.com INT"]
[Date "2021.03.23"]
[Round "2"]
[White "Sapunov, Evgeny"]
[Black "Gurevich, Daniel"]
[Result "1-0"]
[WhiteElo "2461"]
[BlackElo "2399"]
[PlyCount "69"]
[EventDate "2021.03.23"]
[EventType "swiss (blitz)"]
[EventRounds "11"]
[EventCountry "USA"]
[SourceTitle "CBM 201 Extra"]
[Source "ChessBase"]
[SourceDate "2021.05.31"]
[SourceVersion "1"]
[SourceVersionDate "2021.05.31"]
[SourceQuality "1"]

1. c4 e6 2. Nf3 d5 3. d4 Nf6 4. Nc3 Be7 5. Bg5 h6 6. Bh4 0-0 7. e3 b6 8. Qb3 Bb7 9. Bxf6 Bxf6 10. cxd5 exd5 11. Rd1 c6 12. Bd3 Nd7 13. 0-0 Re8 14. Rfe1 Nf8 15. a3 Ne6 16. Bb1 g6 17. Qc2 Bg7 18. Ne5 c5 19. Qd2 cxd4 20. exd4 Rc8 21. f4 Qf6 22. Rf1 Qe7 23. Kh1 Qd6 24. Qd3 a6 25. f5 Nxd4 26. fxg6 fxg6 27. Nxg6 Re4 28. Nxe4 dxe4 29. Qg3 Qxg3 30. hxg3 Re8 31. Rfe1 Nf5 32. Kh2 Kh7 33. Nf4 Bf6 34. Rd7+ Re7 35. Rxe7+ 1-0

[Event "Titled Tuesday intern op 16th Feb"]
[Site "Chess.com INT"]
[Date "2021.02.16"]
[Round "7"]
[White "Gurevich, Daniel"]
[Black "Zong, Davis Jr"]
[Result "1/2-1/2"]
[WhiteElo "2399"]
[BlackElo "2129"]
[PlyCount "112"]
[EventDate "2021.02.16"]
[EventType "swiss (blitz)"]
[EventRounds "11"]
[EventCountry "USA"]
[SourceTitle "EXT 2022"]
[Source "ChessBase"]
[SourceDate "2021.10.06"]
[SourceVersion "1"]
[SourceVersionDate "2021.10.06"]
[SourceQuality "1"]

1. Nf3 Nf6 2. c4 e6 3. Nc3 d5 4. d4 c6 5. Bg5 Nbd7 6. e3 Qa5 7. Nd2 dxc4 8. Bxf6 Nxf6 9. Nxc4 Qc7 10. Be2 Bb4 11. 0-0 0-0 12. Rc1 Bd7 13. a3 Bxc3 14. Rxc3 Rad8 15. b4 Nd5 16. Rc2 Be8 17. Qc1 f6 18. f4 Bg6 19. Rb2 b5 20. Na5 e5 21. fxe5 fxe5 22. Rxf8+ Rxf8 23. Qxc6 Qf7 24. Bxb5 Nxe3 25. h3 exd4 26. Bc4 Nxc4 27. Qxc4 Qxc4 28. Nxc4 Rc8 29. Ne5 d3 30. Nxg6 hxg6 31. Rd2 Rc3 32. a4 Ra3 33. b5 Kf7 34. Kf2 Ke6 35. Ke3 Rxa4 36. Rxd3 Rb4 37. Ra3 Rxb5 38. Rxa7 Kf6 39. Kf4 Rb4+ 40. Kg3 Rb3+ 41. Kh2 Rc3 42. Ra6+ Kf7 43. h4 Rb3 44. Ra5 Rc3 45. g3 Rb3 46. Kh3 Rb4 47. Rg5 Kf6 48. Rg4 Rb3 49. Rf4+ Ke6 50. Kg4 Rb5 51. Rf8 Rc5 52. Ra8 Rb5 53. Ra4 Rc5 54. Rf4 Rb5 55. Rf3 Rc5 56. Rf4 Rb5 1/2-1/2

[Event "Titled Tuesday intern op 15st Dec"]
[Site "Chess.com INT"]
[Date "2020.12.15"]
[Round "10"]
[White "Aliavdin, Nikolai"]
[Black "Gurevich, Daniel"]
[Result "1-0"]
[WhiteElo "2315"]
[BlackElo "2399"]
[PlyCount "65"]
[EventDate "2020.12.15"]
[EventType "swiss (blitz)"]
[EventRounds "11"]
[EventCountry "USA"]
[SourceTitle "CBM 199 Extra"]
[Source "ChessBase"]
[SourceDate "2021.01.31"]
[SourceVersion "1"]
[SourceVersionDate "2021.01.31"]
[SourceQuality "1"]

1. e4 c5 2. Nf3 d6 3. d4 cxd4 4. Nxd4 Nf6 5. Nc3 Nc6 6. Bg5 e6 7. Qd2 Be7 8. 0-0-0 0-0 9. Nb3 Qb6 10. Be3 Qc7 11. f3 Rd8 12. Nb5 Qd7 13. g4 a6 14. N5d4 b5 15. g5 Ne8 16. Nxc6 Qxc6 17. Nd4 Qc7 18. Kb1 e5 19. Nf5 Bxf5 20. exf5 d5 21. Rg1 Bf8 22. g6 hxg6 23. fxg6 fxg6 24. Rxg6 Rac8 25. Bh3 Kf7 26. Rdg1 Nf6 27. Bxc8 Qxc8 28. R6g5 Qe6 29. Qg2 Ke8 30. f4 exf4 31. Bxf4 Kd7 32. Re5 Qc6 33. Qh3+ 1-0

[Event "Titled Tuesday intern op 15st Dec"]
[Site "Chess.com INT"]
[Date "2020.12.15"]
[Round "7"]
[White "Fishbein, Alexander"]
[Black "Gurevich, Daniel"]
[Result "0-1"]
[WhiteElo "2438"]
[BlackElo "2399"]
[PlyCount "110"]
[EventDate "2020.12.15"]
[EventType "swiss (blitz)"]
[EventRounds "11"]
[EventCountry "USA"]
[SourceTitle "CBM 199 Extra"]
[Source "ChessBase"]
[SourceDate "2021.01.31"]
[SourceVersion "1"]
[SourceVersionDate "2021.01.31"]
[SourceQuality "1"]

1. d4 Nf6 2. c4 a6 3. Nc3 c5 4. dxc5 e6 5. e4 Qc7 6. Be3 Bxc5 7. Bxc5 Qxc5 8. Nf3 d6 9. Bd3 0-0 10. 0-0 b6 11. Rc1 Bb7 12. b3 Nbd7 13. Bb1 Rfd8 14. h3 Rac8 15. Qd2 Ne5 16. Nd4 Ng6 17. Rfd1 h6 18. Qe3 Qg5 19. Qxg5 hxg5 20. f3 Kf8 21. Na4 Nd7 22. Nc2 b5 23. Nb2 Ke7 24. cxb5 axb5 25. Nd4 Nf4 26. Kh2 b4 27. g3 Ng6 28. Nd3 Nge5 29. Nxb4 Nc5 30. f4 gxf4 31. gxf4 Ng6 32. f5 Ne5 33. fxe6 fxe6 34. Rg1 Rg8 35. Rc3 Bxe4 36. Bxe4 Nxe4 37. Rxc8 Rxc8 38. Rxg7+ Kf6 39. Rg1 Rh8 40. Rf1+ Ke7 41. Nbc6+ Nxc6 42. Nxc6+ Kd7 43. Nd4 e5 44. Nf3 Ke6 45. Re1 d5 46. a4 Kf5 47. Rf1 Kf4 48. Nd4+ Ke3 49. Nf5+ Ke2 50. Rg1 d4 51. a5 d3 52. Rg2+ Kf3 53. a6 d2 54. Rxd2 Nxd2 55. a7 Ra8 0-1

[Event "Titled Tuesday intern op 15st Dec"]
[Site "Chess.com INT"]
[Date "2020.12.15"]
[Round "5"]
[White "Goltsev, Dmitry"]
[Black "Gurevich, Daniel"]
[Result "1/2-1/2"]
[WhiteElo "2312"]
[BlackElo "2399"]
[PlyCount "145"]
[EventDate "2020.12.15"]
[EventType "swiss (blitz)"]
[EventRounds "11"]
[EventCountry "USA"]
[SourceTitle "CBM 199 Extra"]
[Source "ChessBase"]
[SourceDate "2021.01.31"]
[SourceVersion "1"]
[SourceVersionDate "2021.01.31"]
[SourceQuality "1"]

1. e4 c5 2. Nf3 d6 3. d4 cxd4 4. Nxd4 Nf6 5. Nc3 Nc6 6. Be2 g6 7. 0-0 Bg7 8. Be3 0-0 9. h3 Bd7 10. Nb3 a6 11. a4 Be6 12. f4 Rc8 13. Bf3 Bxb3 14. cxb3 Qa5 15. Rc1 Qb4 16. Re1 Rfd8 17. Na2 Qa5 18. Qd2 Qxd2 19. Bxd2 Nd4 20. Bd1 Nd7 21. Bc3 Nc5 22. b4 Nd3 23. Bg4 Nxc1 24. Nxc1 e6 25. Nd3 b5 26. Ra1 f5 27. exf5 exf5 28. Bd1 Kf8 29. axb5 axb5 30. Kf2 Nc6 31. Bb3 Bxc3 32. bxc3 Ne7 33. Rc1 Rc7 34. Ke2 Rdc8 35. Kd2 Kg7 36. Be6 Ra8 37. Kc2 d5 38. g4 Ra2+ 39. Kb3 Rca7 40. Nb2 Ra1 41. Rxa1 Rxa1 42. Nd3 Rh1 43. gxf5 gxf5 44. Nc5 Rxh3 45. Kc2 h6 46. Bd7 h5 47. Bxb5 h4 48. Bf1 Rh1 49. Be2 Rh2 50. Kd3 h3 51. Bf3 Rg2 52. b5 Rg3 53. Ke2 h2 54. Bh1 Rg1 55. Bf3 h1Q 56. Bxh1 Rxh1 57. Nb3 Rb1 58. Nd4 Kf6 59. Kd2 Ra1 60. Kc2 Ra8 61. Kb3 Nc8 62. Kb4 Nd6 63. Kc5 Ne4+ 64. Kb4 Rc8 65. b6 Nxc3 66. Ka5 Rb8 67. Ka6 Kg6 68. Ka7 Rxb6 69. Kxb6 Nd1 70. Kc5 Ne3 71. Kd6 Ng2 72. Ke5 Nxf4 73. Kxf4 1/2-1/2

[Event "Titled Tuesday intern op 15st Dec"]
[Site "Chess.com INT"]
[Date "2020.12.15"]
[Round "9"]
[White "Gurevich, Daniel"]
[Black "Pasti, Aron"]
[Result "1-0"]
[WhiteElo "2399"]
[BlackElo "2227"]
[PlyCount "54"]
[EventDate "2020.12.15"]
[EventType "swiss (blitz)"]
[EventRounds "11"]
[EventCountry "USA"]
[SourceTitle "CBM 199 Extra"]
[Source "ChessBase"]
[SourceDate "2021.01.31"]
[SourceVersion "1"]
[SourceVersionDate "2021.01.31"]
[SourceQuality "1"]

1. d4 d5 2. c4 e6 3. Nc3 Nf6 4. Nf3 Be7 5. g3 dxc4 6. Bg2 Nc6 7. Qa4 0-0 8. Qxc4 Nb4 9. 0-0 Rb8 10. a3 Nbd5 11. Bf4 Nxf4 12. gxf4 b6 13. Ne5 Bb7 14. Bxb7 Rxb7 15. Nc6 Qd7 16. b4 b5 17. Nxb5 Nd5 18. e3 Rb6 19. Nbxa7 e5 20. Nxe5 Rg6+ 21. Kh1 Qe6 22. f5 Qxf5 23. Qxd5 Rh6 24. Qf3 Qe6 25. Nac6 Bd6 26. Rg1 f6 27. Qg4 fxe5 1-0

[Event "Titled Tuesday intern op 17th Nov"]
[Site "Chess.com INT"]
[Date "2020.11.17"]
[Round "7"]
[White "Gurevich, Daniel"]
[Black "Grieve, Harry"]
[Result "1-0"]
[WhiteElo "2399"]
[BlackElo "2351"]
[PlyCount "95"]
[EventDate "2020.11.17"]
[EventType "swiss (blitz)"]
[EventRounds "11"]
[EventCountry "USA"]
[SourceTitle "CBM 199 Extra"]
[Source "ChessBase"]
[SourceDate "2021.01.31"]
[SourceVersion "1"]
[SourceVersionDate "2021.01.31"]
[SourceQuality "1"]

1. d4 f5 2. Nf3 Nf6 3. Bg5 e6 4. Nbd2 d5 5. e3 b6 6. c4 Bb7 7. Bd3 Nbd7 8. cxd5 Bxd5 9. 0-0 Be7 10. Bc4 0-0 11. Bxd5 exd5 12. Rc1 c5 13. dxc5 bxc5 14. Qc2 Ne4 15. Bf4 Rc8 16. Rfd1 Ndf6 17. Nxe4 fxe4 18. Nd2 Qb6 19. Qb3 Rfd8 20. Bg5 Kf7 21. h3 Qxb3 22. Nxb3 Ke6 23. Rc2 Rd7 24. Rdc1 Rdc7 25. Nd4+ Kd7 26. Nb5 Rb7 27. Nc3 Ke6 28. Rd1 Rd8 29. Rcd2 Rbd7 30. Kf1 h6 31. Bf4 g5 32. Bh2 Bf8 33. b3 Bg7 34. Na4 Bf8 35. Rc2 Rc8 36. Rdc1 c4 37. bxc4 dxc4 38. Rxc4 Rxc4 39. Rxc4 Rd2 40. Nc3 Kf5 41. g4+ Kg6 42. Rc6 Kf7 43. Be5 Nd7 44. Bd4 Bb4 45. Nxe4 Rxa2 46. Rc7 Ke6 47. Rxa7 Ne5 48. Rxa2 1-0

[Event "Titled Tuesday intern op 17th Nov"]
[Site "Chess.com INT"]
[Date "2020.11.17"]
[Round "1"]
[White "Gurevich, Daniel"]
[Black "Katzir, Moshe"]
[Result "1-0"]
[WhiteElo "2399"]
[BlackElo "2159"]
[PlyCount "89"]
[EventDate "2020.11.17"]
[EventType "swiss (blitz)"]
[EventRounds "11"]
[EventCountry "USA"]
[SourceTitle "CBM 199 Extra"]
[Source "ChessBase"]
[SourceDate "2021.01.31"]
[SourceVersion "1"]
[SourceVersionDate "2021.01.31"]
[SourceQuality "1"]

1. d4 d5 2. c4 e6 3. Nc3 c6 4. e3 Nf6 5. Nf3 Nbd7 6. Bd2 Bd6 7. Bd3 0-0 8. 0-0 dxc4 9. Bxc4 b5 10. Bb3 e5 11. Qc2 Bb7 12. Rad1 Qc7 13. h3 Rae8 14. e4 a5 15. dxe5 Nxe5 16. Nxe5 Bxe5 17. a3 Bxc3 18. Bxc3 Nxe4 19. Be1 Qf4 20. Rd7 Ba8 21. Bxa5 c5 22. Bc7 Qg5 23. f4 Qg6 24. f5 Qc6 25. Rfd1 c4 26. Ba2 Qc5+ 27. Kh2 Bc6 28. R7d4 Qxf5 29. Bb1 Re7 30. Bd8 Qe5+ 31. Kg1 Ree8 32. Qe2 Qc5 33. Kh2 Qe5+ 34. Kg1 Qc5 35. Qe3 Rxd8 36. Bxe4 Rxd4 37. Qxd4 Qxd4+ 38. Rxd4 Bxe4 39. Rxe4 Rb8 40. Kf2 g6 41. Ke3 b4 42. a4 c3 43. b3 Rc8 44. Kd4 c2 45. Re1 1-0

[Event "Titled Tuesday intern op 17th Nov"]
[Site "Chess.com INT"]
[Date "2020.11.17"]
[Round "10"]
[White "Gurevich, Daniel"]
[Black "Mekhitarian, Krikor Sevag"]
[Result "1-0"]
[WhiteElo "2399"]
[BlackElo "2554"]
[PlyCount "95"]
[EventDate "2020.11.17"]
[EventType "swiss (blitz)"]
[EventRounds "11"]
[EventCountry "USA"]
[SourceTitle "CBM 199 Extra"]
[Source "ChessBase"]
[SourceDate "2021.01.31"]
[SourceVersion "1"]
[SourceVersionDate "2021.01.31"]
[SourceQuality "1"]

1. d4 Nf6 2. c4 g6 3. Nc3 d5 4. Nf3 Bg7 5. cxd5 Nxd5 6. Bd2 0-0 7. Rc1 Nb6 8. Bg5 h6 9. Bf4 c6 10. e3 Bg4 11. Be2 N8d7 12. 0-0 Re8 13. Qb3 Bxf3 14. Bxf3 e5 15. dxe5 Nxe5 16. Be2 Qe7 17. a4 Rab8 18. Rfd1 Red8 19. Rxd8+ Rxd8 20. Rd1 Rxd1+ 21. Qxd1 a5 22. h3 Nbd7 23. Ne4 Bf8 24. Qd4 f5 25. Nd2 Qc5 26. Nc4 Qxd4 27. exd4 Nxc4 28. Bxc4+ Kg7 29. Bc7 Bb4 30. d5 cxd5 31. Bxd5 Nc5 32. Be5+ Kh7 33. b3 h5 34. f3 h4 35. Kf1 Kh6 36. Ke2 b6 37. Ke3 Nd7 38. Bf4+ Kg7 39. Kd4 Bc5+ 40. Kc4 Kf6 41. Kb5 Ne5 42. Bd2 Nd3 43. Bc4 Ne5 44. Bxa5 Be3 45. Bxb6 Bd2 46. Bd4 f4 47. a5 Kf5 48. a6 1-0

[Event "Titled Tuesday intern op 17th Nov"]
[Site "Chess.com INT"]
[Date "2020.11.17"]
[Round "4"]
[White "Gurevich, Daniel"]
[Black "Prydun, Andriy"]
[Result "1-0"]
[WhiteElo "2399"]
[BlackElo "2254"]
[PlyCount "51"]
[EventDate "2020.11.17"]
[EventType "swiss (blitz)"]
[EventRounds "11"]
[EventCountry "USA"]
[SourceTitle "CBM 199 Extra"]
[Source "ChessBase"]
[SourceDate "2021.01.31"]
[SourceVersion "1"]
[SourceVersionDate "2021.01.31"]
[SourceQuality "1"]

1. d4 d5 2. c4 c6 3. cxd5 cxd5 4. Bg5 Nc6 5. Nc3 Qb6 6. Nxd5 Qa5+ 7. Nc3 Qxg5 8. d5 Nb8 9. Nf3 Qf4 10. e3 Qb4 11. Qd2 Nf6 12. a3 Qb6 13. Ne5 Nbd7 14. Nc4 Qd8 15. Rc1 a6 16. e4 b5 17. Ne3 Bb7 18. f4 Nb6 19. Qd4 e6 20. Nxb5 axb5 21. Bxb5+ Nfd7 22. 0-0 exd5 23. Nxd5 Bxd5 24. exd5 Bd6 25. Qxg7 Qf6 26. Qxf6 1-0